| 000 | 00695nam a22001577a 4500 | ||
|---|---|---|---|
| 003 | OSt | ||
| 005 | 20160208162253.0 | ||
| 008 | 160208b xxu||||| |||| 00| 0 eng d | ||
| 040 | _cRUA | ||
| 082 | _aMGR ENG 2004 B376 Or.1 | ||
| 100 |
_96987 _aENG LENG ; អេង លេង |
||
| 245 | _aAssessment of possibilities in improving income of poor rural household in kampong cham province, ការវិភាគពីលទ្ធភាពបង្កើនចំណូលរបស់គ្រួសារ ក្រីក្រជនបទ នៅក្នុងខេត្តកំពង់ចាម | ||
| 260 |
_aPhnom Penh _bRUA _c2004 |
||
| 300 |
_axi ; 61p. _bill. _c29cm. |
||
| 942 |
_2ddc _cNRM |
||
| 999 |
_c6574 _d6574 |
||